| 000 | 01147nam a2200289 i 4500 | ||
|---|---|---|---|
| 001 | 94124 | ||
| 003 | ES-MaACL | ||
| 005 | 20250624062913.0 | ||
| 007 | t| | ||
| 008 | 050531s1965 sp ||||1| spa d | ||
| 080 | _a75 Cardona Torradell, Armando (083.82) | ||
| 100 | 1 |
_aCardona Torradell, Armando. _935191 |
|
| 245 | 1 | 0 |
_aCardona Torradell _b: [exposición, Sala del Prado del Ateneo de Madrid, marzo de 1965] / _c[Texto: Cesáreo Rodríguez-Aguilera]. |
| 260 |
_a[Madrid] : _bPublicaciones Españolas, _c[1965] |
||
| 300 |
_a[16] p. : _bil. ; _c28 cm. |
||
| 490 | 1 |
_aCuadernos de arte. Colección ordinaria ; _v192 |
|
| 600 | 0 | 4 |
_aCardona Torradell, Armando _935191 |
| 610 | 2 | 7 |
_aAteneo de Madrid- _vExposiciones- _y1960-1969. _91920 |
| 655 | 7 |
_2tgfbne _9193628 _aCatálogos de exposiciones |
|
| 700 | 1 |
_aRodríguez Aguilera, Cesáreo. _998320 |
|
| 710 | 2 |
_aAteneo de Madrid. _bSala del Prado. _91965 |
|
| 830 | 0 |
_aCuadernos de arte. Colección ordinaria _v192 _9180064 |
|
| 852 |
_aES-MaACL _j2195-F-25 _997629 _bR.1361807 _cDEPOF |
||
| 852 |
_aES-MaACL _jG-13303(5). |
||
| 942 |
_2udc _cFOLLETOS |
||
| 999 |
_c94124 _d94124 |
||